000 01457nam a22003494a 4500
001 ebr10021435
003 CaPaEBR
006 m u
007 cr cn|||||||||
008 010718s2002 ctua sb 001 0 eng
010 _z 2001046316
020 _z156750566X (alk. paper)
020 _z1567505678 (pbk. : alk. paper)
040 _aCaPaEBR
_cCaPaEBR
035 _a(OCoLC)70720622
050 1 4 _aHQ242.55.A5
_bS78 2002eb
082 0 4 _a331.25
_221
100 1 _aSteinfatt, Thomas M.,
_d1941-
245 1 0 _aWorking at the bar
_h[electronic resource] :
_bsex work and health communication in Thailand /
_cThomas M. Steinfatt.
246 3 0 _aSex work and health communication in Thailand
260 _aWestport, Conn :
_bAblex Publishing,
_c2002.
300 _axi, 435 p. :
_bill.
490 1 _aCivic discourse for the third millennium
504 _aIncludes bibliographical references (p. 401-423) and index.
533 _aElectronic reproduction.
_bPalo Alto, Calif. :
_cebrary,
_d2013.
_nAvailable via World Wide Web.
_nAccess may be limited to ebrary affiliated libraries.
650 0 _aSex-oriented businesses
_zThailand.
650 0 _aCommunication in medicine
_zThailand.
655 7 _aElectronic books.
_2local
710 2 _aebrary, Inc.
830 0 _aCivic discourse for the third millennium.
856 4 0 _uhttp://site.ebrary.com/lib/rucke/Doc?id=10021435
_zAn electronic book accessible through the World Wide Web; click to view
999 _c10213
_d10213